Media ethics : (Record no. 61369)

MARC details
000 -LEADER
fixed length control field 01024cam a2200229 a 4500
001 - CONTROL NUMBER
control field vtls003051879
003 - CONTROL NUMBER IDENTIFIER
control field MY-SjTCS
005 - DATE AND TIME OF LATEST TRANSACTION
control field 20200306170310.0
008 - FIXED-LENGTH DATA ELEMENTS--GENERAL INFORMATION
fixed length control field 110218r19991997ctua b 001 0 eng d
020 ## - INTERNATIONAL STANDARD BOOK NUMBER
International Standard Book Number 0275966941 (pbk.)
039 #9 - LEVEL OF BIBLIOGRAPHIC CONTROL AND CODING DETAIL [OBSOLETE]
Level of rules in bibliographic description 201209041148
Level of effort used to assign nonsubject heading access points izani
Level of effort used to assign subject headings 201102181700
Level of effort used to assign classification VLOAD
Level of effort used to assign subject headings 200704111334
Level of effort used to assign classification pushpa
-- 200704101912
-- malathy
082 04 - DEWEY DECIMAL CLASSIFICATION NUMBER
Classification number 174
Item number KIE
100 1# - MAIN ENTRY--PERSONAL NAME
Personal name Kieran, Matthew,
Dates associated with a name 1968-
9 (RLIN) 282919
245 10 - TITLE STATEMENT
Title Media ethics :
Remainder of title a philosophical approach /
Statement of responsibility, etc. Matthew Kieran.
260 ## - PUBLICATION, DISTRIBUTION, ETC.
Place of publication, distribution, etc. Westport, Conn. :
Name of publisher, distributor, etc. Praeger,
Date of publication, distribution, etc. c1999.
300 ## - PHYSICAL DESCRIPTION
Extent ix, 168 p. ;
Dimensions 24 cm.
500 ## - GENERAL NOTE
General note "First published in 1997"--T.p. verso.
504 ## - BIBLIOGRAPHY, ETC. NOTE
Bibliography, etc. note Includes bibliographical references (p. [153]-160) and index.
505 0# - FORMATTED CONTENTS NOTE
Formatted contents note 1. Media ethics?- 2. News and the Fourth Estate - 3. Impartiality as a regulative ideal - 4. Deceit, lies, and privacy - 5. Sex and sexuality in the media - 6. Violence in the media - 7. Harm, offense, and media censorship.
650 #0 - SUBJECT ADDED ENTRY--TOPICAL TERM
Topical term or geographic name entry element Mass media
General subdivision Moral and ethical aspects.
9 (RLIN) 10455
920 ## - Programme
Programme SOC : 203326
Holdings
Withdrawn status Lost status Source of classification or shelving scheme Damaged status Not for loan Home library Current library Date acquired Total Checkouts Barcode Date last seen Date last checked out Copy number Koha item type Public note
    Dewey Decimal Classification     Taylor's Library-TU Taylor's Library-TU 10/04/2007 32 1001006579 05/12/2019 16/11/2011 1 Main Collection SOMAC,37000,03,AD